Missing Word: George Harrison Quiz Stats

 Plays Quiz Updated Sep 16, 2019

Score 0/20 Timer 02:30
0 Plays Today
Song Missing Word % Correct
Writing's on the ____Wall
88.7%
All _____ Years AgoThose
88%
Give Me Love (Give Me Peace on _____)Earth
87.4%
My _____ LordSweet
86.7%
All ______ Must PassThings
78.9%
Bangla ____Desh
67.4%
I Don't ____ AnymoreCare
57.2%
Run of the ____Mill
54.1%
Woman Don't You ___ For MeCry
46.5%
____ Is LifeWhat
43.1%
Song Missing Word % Correct
____ HorseDark
38.9%
Isn't It a ____Pity
37.1%
When We Was ___Fab
35.8%
If I ______ SomeoneNeeded
34.9%
_____ 9Cloud
34%
Blow ____Away
32.8%
Stuck ______ a CloudInside
29.8%
It's What You _____Value
19.4%
Rocking _____ in HawaiiChair
19.1%
Apple ______Scruffs
18.5%

Today's Daily Dose

You're not logged in!

Compare scores with friends on all Sporcle quizzes.
OR
Log In

Sporcle TV

Today on Sporcle TV


Watch our educational content, quiz creation guides, and fun videos on Sporcle TV.

Show Comments

Extras

Top Quizzes Today


Score Distribution

Your Account Isn't Verified!

In order to create a playlist on Sporcle, you need to verify the email address you used during registration. Go to your Sporcle Settings to finish the process.

Report this User

Report this user for behavior that violates our Community Guidelines.

Details: